Представление документа в формате RUSMARC

ПолеНазваниеЗначение
  Тип записи a
  Библиографический уровень m
001 Контрольный номер RU/SLIB/B/208726503
005 Дата корректировки 20201206204008.0
010 Индекс ISBN __
d Цена 1-70
101 Язык документа __
a Язык текста rus
c Язык оригинала rus
200 Заглавие и сведения об ответственности 1_
a Заглавие Площади и улицы Москвы
e Сведения, относящиеся к заглавию путеводитель
f Первые сведения об ответственности Мячин И. К.
b Общее обозначение материала Текст
210 Выходные данные __
a Место издания М.
c Издательство Моск. рабочий
d Дата издания 1982
215 Физическое описание __
a Объем 463 с.
c Иллюстрации/тип воспроизводства ил.
606 Тематические рубрики __
a Основная рубрика История
y Географическая подрубрика Москва; Россия
606 Тематические рубрики __
a Основная рубрика История России в целом
610 Ключевые слова __
a Ключевые слова площади; улицы; столицы; достопримечательности; новостройки; города; история городов
686 Индексы других классификаций __
a Классификационный индекс 63.3(2-2Москва)л6; ст63.3(2-2Москва)л6
700 Автор _1
a Фамилия Мячин
b Имя И. К.
4 Код отношения 070
801 Источник записи _0
a Страна RU
b Организация Муниципальное бюджетное учреждение культуры "Централизованная библиотечная система" г. Сургут (Центральная городская библиотека им. А. С. Пушкина)
g Правила каталогизации КиК/Елгина
801 Источник записи _1
a Страна RU
b Организация Муниципальное бюджетное учреждение культуры "Централизованная библиотечная система" г. Сургут (Центральная городская библиотека им. А. С. Пушкина)
g Правила каталогизации КиК/Елгина
852 Данные о местонахождении __
j Шифр хранения 63.3(2-2Москва)л6
c Каталожный индекс 63.3(2-2Москва)л6
i Авторский знак М 99
p Инвентарный номер 14437
901 Тип документа __
t Тип документа m
969 Тип издания __
a Тип издания путеводитель
990 Данные о заказе (DOS) __
j Количество экземпляров (DOS) 2